00302nam a2200121Ia 4500008004100000020001500041041001200056082001600068100001200084245003900096260003000135650001500165221030s9999 xx 000 0 und d a8189093401 aEnglish a105.23bYul aT. Yule 0aDictionary Of Internetcby T. Yule bLotus PressaNew Delhic0 aDictionary